| 000 | 00405nam a22001577a 4500 | ||
|---|---|---|---|
| 999 |
_c1336 _d1336 |
||
| 008 | 200122b ||||| |||| 00| 0 eng d | ||
| 082 | 0 | 0 |
_a744.4 _bS9686 |
| 100 |
_9933 _aSvensen, Carl Lars. |
||
| 245 | 1 | 0 |
_aEssentials of drafting _cby Carl Lars Svensen |
| 250 | _a3rd | ||
| 260 |
_aLondon _bE & F. N Spon _c1943 |
||
| 300 | _axiii,295p. | ||
| 365 | _d37.13 | ||
| 650 | 0 | _aMechanical Drawing | |
| 942 | _cBK | ||